|
|
|
|
| LEADER |
00764cam a2200253 7i4500 |
| 001 |
0000025153 |
| 005 |
20170218090000.0 |
| 008 |
081231 eng |
| 020 |
|
|
|a 9780321426703 (hbk.)
|
| 020 |
|
|
|a 0321426703 (hbk.)
|
| 040 |
|
|
|a DLC
|
| 050 |
0 |
0 |
|a HG173 HUB 2008
|
| 090 |
0 |
0 |
|a HG173
|b .H74 2008
|
| 100 |
1 |
|
|a Hubbard, R. Glenn
|
| 245 |
1 |
0 |
|a Money, the financial system, and the economy
|c Hubbard R. Glenn.
|
| 250 |
|
|
|a 6th ed.
|
| 300 |
|
|
|a 1 v.(various paging):
|b ill.;
|c 2008.
|
| 500 |
|
|
|a Includes index
|
| 650 |
0 |
0 |
|a Monetary policy --
|z United States
|
| 650 |
0 |
0 |
|a Money
|
| 650 |
0 |
0 |
|a Banks and banking
|
| 650 |
0 |
0 |
|a Finance
|
| 997 |
|
|
|a Business & Accountancy, Faculty
|
| 999 |
|
|
|a 0000032573
|b BOK
|c OPEN SHELF
|e 1st Floor, Shah Alam
|